<?xml version="1.0" encoding="UTF-8"?>
<record
    xmlns:xsi="http://www.w3.org/2001/XMLSchema-instance"
    xsi:schemaLocation="http://www.loc.gov/MARC21/slim http://www.loc.gov/standards/marcxml/schema/MARC21slim.xsd"
    xmlns="http://www.loc.gov/MARC21/slim">

  <leader>03207nam a2200337uu 4500</leader>
  <controlfield tag="001">1332133</controlfield>
  <controlfield tag="005">20260508084221.0</controlfield>
  <controlfield tag="008">130612s2012                        eng  </controlfield>
  <datafield tag="020" ind1=" " ind2=" ">
    <subfield code="a">9780415679817</subfield>
  </datafield>
  <datafield tag="035" ind1=" " ind2=" ">
    <subfield code="a">1332133</subfield>
  </datafield>
  <datafield tag="040" ind1=" " ind2=" ">
    <subfield code="c">comduadb</subfield>
  </datafield>
  <datafield tag="041" ind1=" " ind2=" ">
    <subfield code="a">eng</subfield>
  </datafield>
  <datafield tag="080" ind1=" " ind2=" ">
    <subfield code="a">INV</subfield>
  </datafield>
  <datafield tag="100" ind1="1" ind2="0">
    <subfield code="a">Gehrke, Christian</subfield>
    <subfield code="4">edt</subfield>
    <subfield code="e">edt</subfield>
    <subfield code="9">649497</subfield>
  </datafield>
  <datafield tag="245" ind1="1" ind2="0">
    <subfield code="a">Classical political economy and modern theory : essays in honour of Heinz Kurz</subfield>
  </datafield>
  <datafield tag="260" ind1=" " ind2=" ">
    <subfield code="a">Weinheim (Alemania) :</subfield>
    <subfield code="b">Routledge,</subfield>
    <subfield code="c">2012.</subfield>
  </datafield>
  <datafield tag="300" ind1=" " ind2=" ">
    <subfield code="a">400 p&#xE1;ginas :</subfield>
    <subfield code="b">ilustraciones</subfield>
  </datafield>
  <datafield tag="490" ind1="0" ind2=" ">
    <subfield code="a">Routledge studies in the history of economics ;</subfield>
    <subfield code="v">137</subfield>
  </datafield>
  <datafield tag="505" ind1=" " ind2=" ">
    <subfield code="a">Contenido: 1. Introduction -- 2. Two concepts of regulation -- 3. Natural law and the existence and optimality of political equilibrium -- 4. Marx's critique of Ricardo's theory of rent -- 5. Neo-Ricardian theory' versus Marxian theory? -- 6. The empirical linearity of Sraffa's critical output-capital ratios -- 7. Entrepreneurship, risk and income distribution in Cantillon's essai -- 8. Economic development and income distribution -- 9. Was Schumpeter Walrasian? -- 10. Investment in the theory of evolutionary competition -- 11. The "Elusive figure who hides in the preface of Cambridge books" -- 12. A patchwork post-keynesian/evolutionary approach to income distribution -- 13. Some notes about the relation between the distribution of income and the distribution of property -- 14. Transformational growth: from a Marshallian neo-classical system to keynesian growth -- 15. On the concepts of period an drun in economic theory -- 16. Old swedes on money and capital -- 17. Graphical representations of overstone's cycle of trade -- 18. Economics in an age of crisis: lesson from the past and present -- 19. Cantillon revisited -- 20. The privilege of the first, or: Why does research work make Heinz happy? -- 21. Sraffa at Kiel.</subfield>
  </datafield>
  <datafield tag="520" ind1="3" ind2=" ">
    <subfield code="a">Heinz Kurz es reconocido internacionalmente como un te&#xF3;rico de la econom&#xED;a l&#xED;der y principal historiador del pensamiento econ&#xF3;mico. Este libro rinde homenaje a sus contribuciones sobresalientes al reunir una colecci&#xF3;n &#xFA;nica de nuevos ensayos de distinguidos economistas de todo el mundo. La econom&#xED;a pol&#xED;tica cl&#xE1;sica y la moderna teor&#xED;a comprende veinte ensayos, agrupados tem&#xE1;ticamente en cinco secciones. La primera parte analiza la econom&#xED;a pol&#xED;tica y su cr&#xED;tica, la parte II examina el esp&#xED;ritu empresarial, la evoluci&#xF3;n y la distribuci&#xF3;n del ingreso, la parte III analiza Cambridge, Keynes y la macroeconom&#xED;a, Parte IV explora crisis y los ciclos, mientras que la Parte V se dedica a recuerdos personales. Los ensayos de este libro ser&#xE1;n una valiosa fuente de inspiraci&#xF3;n para los economistas interesados ??en la teor&#xED;a econ&#xF3;mica y en la evoluci&#xF3;n del pensamiento econ&#xF3;mico.</subfield>
  </datafield>
  <datafield tag="600" ind1="1" ind2="4">
    <subfield code="a">Keynes, John Maynard,</subfield>
    <subfield code="d">1883-1946</subfield>
    <subfield code="9">247310</subfield>
  </datafield>
  <datafield tag="650" ind1=" " ind2=" ">
    <subfield code="a">Econom&#xED;a cl&#xE1;sica</subfield>
    <subfield code="9">142222</subfield>
  </datafield>
  <datafield tag="650" ind1=" " ind2=" ">
    <subfield code="a">Kurz, Heinz</subfield>
    <subfield code="9">189006</subfield>
  </datafield>
  <datafield tag="650" ind1=" " ind2="7">
    <subfield code="a">Econom&#xED;a pol&#xED;tica</subfield>
    <subfield code="2">lemb</subfield>
    <subfield code="9">1741</subfield>
  </datafield>
  <datafield tag="650" ind1=" " ind2=" ">
    <subfield code="a">Ricardo, David</subfield>
    <subfield code="9">459</subfield>
  </datafield>
  <datafield tag="650" ind1=" " ind2=" ">
    <subfield code="a">Schumpeter, Joseph Alois</subfield>
    <subfield code="9">74591</subfield>
  </datafield>
  <datafield tag="700" ind1="1" ind2="0">
    <subfield code="a">Salvadori, Neri</subfield>
    <subfield code="4">edt</subfield>
    <subfield code="e">edt</subfield>
    <subfield code="9">649498</subfield>
  </datafield>
  <datafield tag="700" ind1="1" ind2="0">
    <subfield code="a">Steedman, Ian</subfield>
    <subfield code="4">edt</subfield>
    <subfield code="e">edt</subfield>
    <subfield code="9">649499</subfield>
  </datafield>
  <datafield tag="700" ind1="1" ind2="0">
    <subfield code="a">Sturn, Richard</subfield>
    <subfield code="4">edt</subfield>
    <subfield code="e">edt</subfield>
    <subfield code="9">448067</subfield>
  </datafield>
  <datafield tag="942" ind1=" " ind2=" ">
    <subfield code="c">BOOK</subfield>
  </datafield>
  <datafield tag="999" ind1=" " ind2=" ">
    <subfield code="c">654477</subfield>
    <subfield code="d">654477</subfield>
  </datafield>
  <datafield tag="952" ind1=" " ind2=" ">
    <subfield code="0">0</subfield>
    <subfield code="1">0</subfield>
    <subfield code="4">0</subfield>
    <subfield code="7">0</subfield>
    <subfield code="8">GENERAL</subfield>
    <subfield code="a">CIE</subfield>
    <subfield code="b">CIE</subfield>
    <subfield code="d">2013-06-13</subfield>
    <subfield code="i">C1178442</subfield>
    <subfield code="l">0</subfield>
    <subfield code="o">INV/33374</subfield>
    <subfield code="p">61000004724279</subfield>
    <subfield code="r">2023-05-02 00:00:00</subfield>
    <subfield code="t">1</subfield>
    <subfield code="w">2023-05-02</subfield>
    <subfield code="y">BOOK</subfield>
  </datafield>
</record>
